|
|
|
|
| LEADER |
00799nam a2200313 4500 |
| 001 |
DLU040029883 |
| 003 |
##DLU |
| 005 |
##20021230 |
| 008 |
##021230t vn z000 vie d |
| 040 |
# |
# |
|a DLU
|b vie
|
| 041 |
# |
# |
|a vie
|
| 044 |
# |
# |
|a vn
|
| 082 |
# |
# |
|a 519.3
|b MO-P
|
| 100 |
# |
# |
|a Morris, Peter,
|d 1940-
|
| 245 |
# |
# |
|a Introduction to game theory /
|p eter Morris
|
| 260 |
# |
# |
|a New York :
|b Springer-Verlag,
|c c1994
|
| 300 |
# |
# |
|a xvi, 230 p. :
|b ill. ;
|c 24 cm
|
| 490 |
# |
# |
|a Universitext
|
| 504 |
# |
# |
|a Includes bibliographical references (p. [223]-225) and index
|
| 923 |
# |
# |
|a 37/2004
|
| 992 |
# |
# |
|a 11000
|
| 994 |
# |
# |
|a DLU
|
| 900 |
# |
# |
|a True
|
| 911 |
# |
# |
|a Thái Thị Thanh Thủy
|
| 925 |
# |
# |
|a G
|
| 926 |
# |
# |
|a A
|
| 927 |
# |
# |
|a SH
|
| 980 |
# |
# |
|a Thư viện Trường Đại học Đà Lạt
|